00495nam a2200193 a 4500001001300000003000900013005001700022008004100039020002300080082001300103100002000116245003000136260004400166300000900210500003500219505001500254650001200269700002000281nice12345678IN_TiNIC20260116014405.0121107s2012 kola grp 000 0 eng  a9788185861418c30000a630bMAN aMansata, Bharat aVision of Natural Farming aKolkata, India bEarthcare Books c2012 a277p aincludes index and biblioraphy2 aAppendices aFarming1 aMansata, Bharat